Language Quiz

Random Language or Letter Quiz
Score 0/22 Timer 04:00
1 Play Today
Hint -mber Word % Correct
Glowing coalEmber
91.6%
Fossilized resinAmber
91.6%
SleepSlumber
90.6%
Integers, decimals, etcNumber
90%
Not as smartDumber
88.5%
Logger's callTimber
87.6%
Future pickleCucumber
84.8%
Planks and boardsLumber
79.7%
RecallRemember
77.6%
MountaineerClimber
76.8%
Tenth month of the Roman calendarDecember
75.6%
Hint -mber Word % Correct
Burnt crayon colorUmber
70.7%
Solemn or gloomySomber
69%
A draining occupationPlumber
67.1%
LitheLimber
63.2%
Enola Gay, for oneBomber
59.3%
Remove an appendageDismember
54.5%
Room or cartridge holderChamber
52.2%
Scale awkwardlyClamber
42.5%
Shell seekerBeachcomber
29.4%
Entryway or reception areaAntechamber
18.7%
Curvature or angleCamber
18.4%

You're not logged in!

Compare scores with friends on all Sporcle quizzes.
OR
Log In

Sporcle TV

Today on Sporcle TV


Watch our educational content, quiz creation guides, and fun videos on Sporcle TV.

Show Comments

Extras

Top Quizzes Today


Score Distribution

Your Account Isn't Verified!

In order to create a playlist on Sporcle, you need to verify the email address you used during registration. Go to your Sporcle Settings to finish the process.

Report this User

Report this user for behavior that violates our Community Guidelines.

Details: